| 000 | 00953cam a2200289Ma 4500 | ||
|---|---|---|---|
| 999 |
_c6103 _d6103 |
||
| 001 | ocn123274178 | ||
| 003 | TZ-ArACH | ||
| 005 | 20201008153216.0 | ||
| 008 | 951019s1996 enk b 001 0 eng d | ||
| 020 |
_a0198254261 _q(pbk.) |
||
| 020 |
_a9780198254263 _q(pbk.) |
||
| 020 | _a019825427X | ||
| 020 | _a9780198254270 | ||
| 035 | _a(OCoLC)123274178 | ||
| 040 |
_aMH _beng _cTZ-ArACH |
||
| 049 | _aTZAA | ||
| 050 | 4 |
_aK3240 _b.S74 1996 |
|
| 100 | 1 |
_aSteiner, Henry J. _918901 |
|
| 245 | 1 | 0 |
_aInternational human rights law in context : _blaw, politics, morals : text and materials / _cHenry J. Steiner and Philip Alston. |
| 260 |
_aOxford : _bClarendon Press ; _aNew York : _bOxford University Press, _c1996. |
||
| 300 |
_axxxix, 1245 pages ; _c24 cm |
||
| 504 | _aIncludes bibliographical references (pages 1235-1240) and index. | ||
| 650 | 0 | _aHuman rights. | |
| 650 | 7 |
_aHuman rights. _2fast |
|
| 700 | 1 | _aAlston, Philip. | |
| 942 |
_2lcc _cBOOK |
||